El proceso de paz y sus perspectivas, Asamblea de la Sociedad Civil, Guatemala, 26 de enero de 1996
Uloženo v:
| Médium: | Text |
|---|---|
| Témata: | |
| Tagy: |
Přidat tag
Žádné tagy, Buďte první, kdo vytvoří štítek k tomuto záznamu!
|
MARC
| LEADER | 00000 a a2200000 04500 | ||
|---|---|---|---|
| 001 | 11401 | ||
| 003 | |||
| 040 | |||
| 245 | |a El proceso de paz y sus perspectivas, Asamblea de la Sociedad Civil, Guatemala, 26 de enero de 1996 | ||
| 650 | |a PAZ | ||
| 650 | |a PLANES DE PAZ | ||
| 650 | |a POLITICA INTERNACIONAL | ||
| 773 | |g volumen 27, 114:; páginas 7-10 | ||
| 999 | |c 38649 |d 38649 | ||
